Research on applications of tubular photobioreactor model using microalgae for shrimp culture in Ninh Thuan province combined with biomass recovery :Master's thesis - Major : Sciences and management of the environment

Spremljeno u:
Bibliografski detalji
Glavni autor: Than, Thi Mai
Format: Luận văn
Jezik:Undetermined
Izdano: Trường Đại học Công nghiệp Tp. Hồ Chí Minh 2018
Teme:
Oznake: Dodaj oznaku
Bez oznaka, Budi prvi tko označuje ovaj zapis!
Thư viện lưu trữ: Trung tâm Thư viện - Trường Đại học Công nghiệp TP. Hồ Chí Minh
LEADER 00737nam a2200157Ia 4500
001 UIH_01732
008 230809s9999 xx 000 0 und d
082 |a 628 
100 |a Than, Thi Mai 
245 0 |a Research on applications of tubular photobioreactor model using microalgae for shrimp culture in Ninh Thuan province combined with biomass recovery :Master's thesis - Major : Sciences and management of the environment 
245 0 |c Than, Thi Mai 
260 |b Trường Đại học Công nghiệp Tp. Hồ Chí Minh 
260 |c 2018 
650 |a Quản lý môi trường; Management of the enviroment 
927 |a Luận văn 
980 |a Trung tâm Thư viện - Trường Đại học Công nghiệp TP. Hồ Chí Minh